000
00314nam a2200121Ia 4500
008
190216s9999||||xx |||||||||||||| ||und||
100
_a
Bartle Robert G And Sherbert Donald
245
0
_a
Introduction To Real Analysis
260
_b
John Wiley & Sons
_c
1982
300
_a
404p
650
_a
Mathematics
942
_c
BK
999
_c
31607
_d
31607